[Event "35th NED-ch"]
[Site "Leeuwarden NED"]
[Date "1979.03.19"]
[Round "12"]
[White "Bohm, Hans"]
[Black "Ree, Hans"]
[Result "0-1"]
[WhiteElo "2410"]
[BlackElo "2480"]
[EventDate "1979.03.05"]
[PlyCount "68"]

1.d4 Nf6 2.c4 c5 3.dxc5 e6 4.Nc3 Bxc5 5.Nf3 O-O 6.e3 b6 7.Be2 Bb7 8.a3 d5 
9.b4 Be7 10.Bb2 Nbd7 11.O-O dxc4 12.Bxc4 Qc7 13.Qe2 Ng4 14.Nb5 Qb8 15.Nbd4
Bf6 16.h3 Nge5 17.Nxe5 Nxe5 18.Ba2 Ng6 19.Rac1 Rc8 20.Rxc8+ Qxc8 21.Rc1 
Qd7 22.b5 Rc8 23.Rxc8+ Qxc8 24.a4 Qc5 25.Qc4 Bd5 26.Qxc5 bxc5 27.Bxd5 exd5
28.a5 cxd4 29.b6 a6 30.exd4 Ne7 31.b7 Nc6 32.Kf1 Kf8 33.Ke2 Ke8 34.Kd3 Kd7
0-1

[Event "35th NED-ch"]
[Site "Leeuwarden NED"]
[Date "1979.03.21"]
[Round "13"]
[White "Ligterink, Gert"]
[Black "Baljon, Christofoor"]
[Result "1/2-1/2"]
[WhiteElo "2440"]
[BlackElo "2255"]
[EventDate "1979.03.05"]
[PlyCount "25"]

1.d4 Nf6 2.c4 g6 3.Nc3 Bg7 4.e4 d6 5.Be2 O-O 6.Nf3 e5 7.dxe5 dxe5 8.Qxd8 
Rxd8 9.Bg5 Re8 10.Nd5 Nxd5 11.cxd5 c6 12.Bc4 cxd5 13.Bxd5 1/2-1/2